000
00280nam a22001217a 4500
020
_a
0-521-23470-0
082
_a
621.3815 MAZ'D
100
_a
MAZDA, F. F
_9
68015
245
_a
DISCRETE ELECTRONIC COMPONENTS
260
_a
LONDON
_b
CANBRIDGE
_c
1981
300
_a
177P
942
_c
BK
999
_c
580736
_d
580736